000 00710nam a2200241Ia 4500
003 OSt
005 20220926014516.0
006 a|||||r|||| 00| 0
007 ta
008 220923b |||||||| |||| 00| 0 eng d
037 _cGeneral Book
040 _aRTL
_cRTL
_beng
041 _2eng
_aeng
082 _aY9(W)-115.73.N6, K9
100 _aEaston David
_9119422
245 0 _aChildren in the politcal system
_b Origins of politi
260 _aNew York
_bMcGraw-Hill
_c1969
300 _axvi,440p
_ccm.
650 _aPolitical Sociology
700 _a Dennis Jack
_9320749
942 _hY9(W)-115.73.N6, K9
_cGB
_2CC
999 _c629217
_d629217